[Event "Liga Madrileña - DH 2013-2014"]
[Site "Madrid ESP"]
[Date "2014.03.02"]
[Round "12.44"]
[White "Rioboo de la Riva, Alvaro"]
[Black "Pena Gomez, Manuel"]
[Result "0-1"]
[WhiteElo "2282"]
[BlackElo "2417"]
[PlyCount "95"]
[EventDate "2013.11.18"]
[EventType "team-tourn"]
[EventRounds "14"]
[EventCountry "ESP"]
[Source "lmi"]
[SourceDate "2013.11.18"]
[WhiteTeam "64 Villalba"]
[BlackTeam "Collado Villalba"]
[WhiteTeamCountry "ESP"]
[BlackTeamCountry "ESP"]

1. e4 c5 2. c3 Nf6 3. e5 Nd5 4. Nf3 e6 5. d4 cxd4 6. Qxd4 d6 7. Bb5+ Bd7 8.
Bxd7+ Nxd7 9. exd6 Qb6 10. O-O Qxd4 11. Nxd4 Bxd6 12. c4 Nb4 13. a3 Nd3 14. Nc3
Be5 15. Nce2 Rd8 16. Rd1 N7c5 17. b4 Bxd4 18. Nxd4 Rxd4 19. bxc5 Nxc1 20. Raxc1
Rxd1+ 21. Rxd1 Ke7 22. Rb1 Rb8 23. Rb3 Kd7 24. Rf3 Rf8 25. Rh3 h6 26. Rg3 g6
27. Rd3+ Kc6 28. g4 Re8 29. Rd6+ Kc7 30. Kg2 Rd8 31. Rxd8 Kxd8 32. Kf3 Kc7 33.
Ke4 f6 34. h4 Kc6 35. Kd4 e5+ 36. Ke4 Kxc5 37. h5 gxh5 38. gxh5 Kxc4 39. Kf5
Kd5 40. a4 e4 41. Kg6 Ke6 42. Kxh6 Kf7 43. Kh7 f5 44. a5 f4 45. h6 f3 46. a6
bxa6 47. Kh8 e3 48. h7 0-1

[Event "Liga Madrileña - DH 2013-2014"]
[Site "Madrid ESP"]
[Date "2014.03.02"]
[Round "12.45"]
[White "Ortega Ruiz, Jose Miguel"]
[Black "Dougan Maho, Harold"]
[Result "1-0"]
[WhiteElo "2366"]
[BlackElo "2221"]
[PlyCount "98"]
[EventDate "2013.11.18"]
[EventType "team-tourn"]
[EventRounds "14"]
[EventCountry "ESP"]
[Source "lmi"]
[SourceDate "2013.11.18"]
[WhiteTeam "Collado Villalba"]
[BlackTeam "64 Villalba"]
[WhiteTeamCountry "ESP"]
[BlackTeamCountry "ESP"]

1. d4 Nf6 2. c4 e5 3. dxe5 Ng4 4. Bf4 Nc6 5. Nf3 Bc5 6. e3 f6 7. Nc3 Ngxe5 8.
Nxe5 fxe5 9. Bxe5 Qe7 10. Bxg7 Qxg7 11. Qh5+ Qg6 12. Qxc5 d6 13. Qd5 Be6 14.
Qe4 Qf7 15. Qh4 Rg8 16. Ne4 Rg6 17. Be2 Ne7 18. Bh5 O-O-O 19. Bxg6 Nxg6 20. Qf6
Qd7 21. O-O Rf8 22. Qd4 Ne5 23. f4 Nc6 24. Qc3 Qe7 25. Ng3 Qf7 26. c5 d5 27. f5
Bd7 28. Rf4 Re8 29. b4 Ne5 30. a4 h5 31. b5 c6 32. e4 Ng4 33. Rxg4 hxg4 34. e5
Qg7 35. Re1 Rh8 36. Qe3 cxb5 37. axb5 Bxb5 38. f6 Qh7 39. e6 d4 40. Qf4 Qxh2+
41. Kf2 Bc6 42. Rg1 Qh7 43. f7 Qc2+ 44. Ne2 Qxc5 45. Rc1 g3+ 46. Qxg3 Qf5+ 47.
Qf4 Qxe6 48. f8=Q+ Rxf8 49. Qxf8+ Kc7 1-0

[Event "Liga Madrileña - DH 2013-2014"]
[Site "Madrid ESP"]
[Date "2014.03.02"]
[Round "12.46"]
[White "Blasco de la Cruz, Luis"]
[Black "Martinez Rodriguez, Pablo"]
[Result "0-1"]
[WhiteElo "2002"]
[BlackElo "2277"]
[PlyCount "112"]
[EventDate "2013.11.18"]
[EventType "team-tourn"]
[EventRounds "14"]
[EventCountry "ESP"]
[Source "lmi"]
[SourceDate "2013.11.18"]
[WhiteTeam "64 Villalba"]
[BlackTeam "Collado Villalba"]
[WhiteTeamCountry "ESP"]
[BlackTeamCountry "ESP"]

1. d4 d6 2. Nf3 Nd7 3. Bf4 Ngf6 4. h3 g6 5. e3 Bg7 6. Bd3 O-O 7. Nbd2 c5 8. c3
b6 9. O-O Bb7 10. Re1 Rc8 11. Rc1 Nd5 12. Bh2 cxd4 13. exd4 Bh6 14. Qe2 Re8 15.
Rcd1 Nf4 16. Bxf4 Bxf4 17. Ba6 Qc7 18. Bxb7 Qxb7 19. Qe4 Qxe4 20. Rxe4 Bh6 21.
Rde1 e6 22. R4e2 d5 23. Nf1 b5 24. Ne3 Nb6 25. g3 Rc7 26. Ne5 Rec8 27. Nd3 Na4
28. Nd1 a5 29. a3 Bf8 30. f3 Rb8 31. Kg2 b4 32. axb4 axb4 33. Nxb4 Bxb4 34.
cxb4 Rxb4 35. b3 Rxb3 36. Ra2 Nb6 37. Re3 Rb4 38. Rd3 Kg7 39. Ne3 Na4 40. Kf2
Rc1 41. Nd1 Nb6 42. Ke2 Nc4 43. Rc3 Rxc3 44. Nxc3 Nd6 45. g4 Rxd4 46. Ra6 Nc4
47. Nb5 Rd2+ 48. Kf1 g5 49. Ra7 Kf6 50. Kg1 d4 51. Ra4 Ne5 52. Nd6 Nxf3+ 53.
Kf1 Rc2 54. Ra7 Ke5 55. Nxf7+ Kf4 56. h4 Kg3 0-1

[Event "Liga Madrileña - DH 2013-2014"]
[Site "Madrid ESP"]
[Date "2014.03.08"]
[Round "13.11"]
[White "Moreno Trujillo, Alejandro"]
[Black "Rubio Mejia, Luis Ignacio"]
[Result "1/2-1/2"]
[WhiteElo "2541"]
[BlackElo "2452"]
[PlyCount "155"]
[EventDate "2013.11.18"]
[EventType "team-tourn"]
[EventRounds "14"]
[EventCountry "ESP"]
[Source "lmi"]
[SourceDate "2013.11.18"]
[WhiteTeam "64 Villalba"]
[BlackTeam "Virgen de Atocha"]
[WhiteTeamCountry "ESP"]
[BlackTeamCountry "ESP"]

1. d4 Nf6 2. c4 e6 3. Nc3 Bb4 4. e3 b6 5. Nge2 c5 6. a3 Ba5 7. Rb1 Na6 8. Bd2
O-O 9. d5 d6 10. Nf4 Bxc3 11. Bxc3 e5 12. Ne2 Ne4 13. f3 Nxc3 14. Nxc3 f5 15.
Qd2 Nc7 16. f4 exf4 17. exf4 Qf6 18. Be2 Re8 19. Kf2 Ba6 20. Rhe1 Re7 21. Bf1
Rae8 22. g3 Kf7 23. Rxe7+ Rxe7 24. Re1 Rxe1 25. Kxe1 Bc8 26. Qe2 g6 27. Qe3 Bd7
28. Kd2 h6 29. Bd3 Qh8 30. Bc2 a6 31. Bd3 h5 32. Qf2 Ne8 33. Kc2 Nf6 34. Qe1
Qc8 35. h3 Qb8 36. b4 Qc7 37. Qe3 Qc8 38. Kb3 Ne8 39. Ne2 Nc7 40. Ng1 Qh8 41.
Ne2 Qa1 42. Qc1 Qh8 43. Kc2 a5 44. b5 Ke7 45. Nc3 Qd4 46. Qe1+ Kf7 47. Kd2 Kf8
48. Qe3 Qxe3+ 49. Kxe3 Kg7 50. Ne2 Ne8 51. Nc3 Nc7 52. Be2 Kf6 53. Bd1 Bc8 54.
Bf3 Bd7 55. Nb1 Ne8 56. Bd1 Kg7 57. Nd2 Nf6 58. Bc2 Bc8 59. Nb1 Ne8 60. Kf2 Bd7
61. Nc3 Nc7 62. Bd1 Kf6 63. Be2 Bc8 64. Bf3 Bd7 65. Nd1 Ne8 66. Ne3 Bc8 67. Bd1
Bd7 68. Be2 Bc8 69. Nd1 Bd7 70. Ke3 Bc8 71. Nf2 Bd7 72. g4 hxg4 73. hxg4 g5 74.
gxf5 Bxf5 75. Bd3 Ng7 76. fxg5+ Kxg5 77. Be4 Ne8 78. Bxf5 1/2-1/2

[Event "Liga Madrileña - DH 2013-2014"]
[Site "Madrid ESP"]
[Date "2014.03.08"]
[Round "13.12"]
[White "Fernandez Barrera, Victor"]
[Black "Espinosa Aranda, Angel"]
[Result "1/2-1/2"]
[WhiteElo "2313"]
[BlackElo "2387"]
[PlyCount "62"]
[EventDate "2013.11.18"]
[EventType "team-tourn"]
[EventRounds "14"]
[EventCountry "ESP"]
[Source "lmi"]
[SourceDate "2013.11.18"]
[WhiteTeam "Virgen de Atocha"]
[BlackTeam "64 Villalba"]
[WhiteTeamCountry "ESP"]
[BlackTeamCountry "ESP"]

1. e4 c5 2. Nf3 Nc6 3. Bb5 d6 4. O-O Bd7 5. Re1 Nf6 6. h3 Ne5 7. Bxd7+ Nfxd7 8.
Nxe5 Nxe5 9. d3 g6 10. Be3 Bg7 11. Nc3 Nc6 12. Qd2 Nd4 13. Nd5 e6 14. c3 Nc6
15. Bg5 f6 16. Bh6 O-O 17. Bxg7 Kxg7 18. Nf4 Re8 19. Rad1 e5 20. Nd5 Ne7 21.
Nxe7 Qxe7 22. d4 cxd4 23. cxd4 Rac8 24. dxe5 dxe5 25. Qd7 a6 26. Re2 Rc7 27.
Qd5 Rc5 28. Qd7 Rc7 29. Qd5 Rc5 30. Qd7 Rc7 31. Qd5 Rc5 1/2-1/2

[Event "Liga Madrileña - DH 2013-2014"]
[Site "Madrid ESP"]
[Date "2014.03.08"]
[Round "13.13"]
[White "Napoli, Nicolo"]
[Black "Rudolf, Anna"]
[Result "1/2-1/2"]
[WhiteElo "2285"]
[BlackElo "2281"]
[PlyCount "113"]
[EventDate "2013.11.18"]
[EventType "team-tourn"]
[EventRounds "14"]
[EventCountry "ESP"]
[Source "lmi"]
[SourceDate "2013.11.18"]
[WhiteTeam "64 Villalba"]
[BlackTeam "Virgen de Atocha"]
[WhiteTeamCountry "ESP"]
[BlackTeamCountry "ESP"]

1. d4 d5 2. Nc3 e6 3. Nf3 Nf6 4. Bg5 Be7 5. Bxf6 Bxf6 6. e4 c5 7. exd5 exd5 8.
Bb5+ Nc6 9. O-O O-O 10. dxc5 Bxc3 11. bxc3 Qa5 12. Bxc6 bxc6 13. Qd4 Bf5 14.
Ne5 Qa6 15. Nd3 Rfe8 16. f3 Re2 17. Rf2 Re6 18. Nf4 Re7 19. h4 Rae8 20. Nh5 f6
21. Ng3 Bd7 22. a4 Qa5 23. Rd1 Qc7 24. Kh2 Bf5 25. Rdd2 h5 26. c4 dxc4 27.
Qxc4+ Be6 28. Qd4 Rd7 29. Qe4 Bf7 30. Qb4 Rd5 31. Rfe2 Rxe2 32. Rxe2 a5 33. Qc3
Qf4 34. Re4 Qd2 35. Qb3 Rd7 36. Qb8+ Kh7 37. Qc8 Bg6 38. Qxc6 Bxe4 39. Qxe4+
Kg8 40. c6 Rc7 41. Qe8+ Kh7 42. Qxh5+ Qh6 43. Qg4 Qg6 44. Qd7 Qf7 45. Qd3+ Kg8
46. Qb5 Qe6 47. Qxa5 Qxc6 48. Ne4 Qxc2 49. Qd5+ Kf8 50. Qd8+ Kf7 51. Nd6+ Kg6
52. Qe8+ Kh7 53. Qh5+ Kg8 54. Qd5+ Kh7 55. Qh5+ Kg8 56. Qe8+ Kh7 57. Qh5+
1/2-1/2

[Event "Liga Madrileña - DH 2013-2014"]
[Site "Madrid ESP"]
[Date "2014.03.08"]
[Round "13.14"]
[White "Vazquez Torres, Adrian"]
[Black "Lopez del Alamo, Antonio"]
[Result "1-0"]
[WhiteElo "2179"]
[BlackElo "2281"]
[PlyCount "61"]
[EventDate "2013.11.18"]
[EventType "team-tourn"]
[EventRounds "14"]
[EventCountry "ESP"]
[Source "lmi"]
[SourceDate "2013.11.18"]
[WhiteTeam "Virgen de Atocha"]
[BlackTeam "64 Villalba"]
[WhiteTeamCountry "ESP"]
[BlackTeamCountry "ESP"]

1. e4 c5 2. Nf3 Nc6 3. Bb5 e6 4. Nc3 Nge7 5. d3 a6 6. Bxc6 Nxc6 7. e5 d6 8. Bf4
dxe5 9. Nxe5 Nxe5 10. Bxe5 f6 11. Bg3 Be7 12. Qh5+ g6 13. Qh6 Kf7 14. Ne4 Bd7
15. Bd6 Bc6 16. Bxe7 Qxe7 17. O-O-O Rad8 18. h4 c4 19. Qe3 Bxe4 20. dxe4 Kg7
21. e5 f5 22. Rd6 Rhf8 23. Qd4 b5 24. f4 Kh6 25. g3 Qb7 26. Rd1 Rxd6 27. exd6
Rd8 28. Qf6 Qb6 29. h5 Rd7 30. hxg6 Qe3+ 31. Kb1 1-0

[Event "Liga Madrileña - DH 2013-2014"]
[Site "Madrid ESP"]
[Date "2014.03.08"]
[Round "13.15"]
[White "Dougan Maho, Harold"]
[Black "Rodrigo Yanguas, Maria"]
[Result "1-0"]
[WhiteElo "2221"]
[BlackElo "2165"]
[PlyCount "89"]
[EventDate "2013.11.18"]
[EventType "team-tourn"]
[EventRounds "14"]
[EventCountry "ESP"]
[Source "lmi"]
[SourceDate "2013.11.18"]
[WhiteTeam "64 Villalba"]
[BlackTeam "Virgen de Atocha"]
[WhiteTeamCountry "ESP"]
[BlackTeamCountry "ESP"]

1. e4 e6 2. d4 d5 3. e5 c5 4. c3 Nc6 5. Nf3 Nh6 6. Bd3 Nf5 7. O-O Be7 8. dxc5
Bxc5 9. b4 Be7 10. a4 O-O 11. Re1 f6 12. exf6 Bxf6 13. b5 Nce7 14. Ne5 Bxe5 15.
Rxe5 Ng6 16. Re1 e5 17. c4 Be6 18. cxd5 Qxd5 19. Be4 Qxd1 20. Rxd1 Rad8 21. Re1
Bd5 22. Nc3 Bxe4 23. Nxe4 Nd4 24. Ra2 Nf4 25. Be3 h5 26. h4 Rf7 27. Ng5 Rc7 28.
g3 Nd3 29. Rd1 Nb4 30. Rad2 Nbc2 31. Kg2 Rdc8 32. Bxd4 Nxd4 33. Re1 Rc5 34. Re4
a6 35. bxa6 bxa6 36. f4 Nc6 37. Ne6 Ra5 38. Rd7 g6 39. Rg7+ Kh8 40. Rxg6 exf4
41. Nxf4 Rc5 42. Ree6 Rc7 43. Kh3 Nd4 44. Rh6+ Kg7 45. Nxh5+ 1-0

[Event "Liga Madrileña - DH 2013-2014"]
[Site "Madrid ESP"]
[Date "2014.03.08"]
[Round "13.16"]
[White "Perez de Aranda, Leonardo Ivan"]
[Black "Blanco Samaniego, Alejandro"]
[Result "1-0"]
[WhiteElo "2115"]
[BlackElo "1804"]
[PlyCount "49"]
[EventDate "2013.11.18"]
[EventType "team-tourn"]
[EventRounds "14"]
[EventCountry "ESP"]
[Source "lmi"]
[SourceDate "2013.11.18"]
[WhiteTeam "Virgen de Atocha"]
[BlackTeam "64 Villalba"]
[WhiteTeamCountry "ESP"]
[BlackTeamCountry "ESP"]

1. e4 c5 2. d4 cxd4 3. c3 dxc3 4. Nxc3 d6 5. Bc4 e6 6. Nf3 Nf6 7. O-O Nc6 8.
Qe2 Be7 9. Rd1 O-O 10. e5 Ne8 11. exd6 Bxd6 12. Nb5 Qe7 13. Ng5 a6 14. Qd3
Bxh2+ 15. Kxh2 f5 16. Nc3 h6 17. Nf3 b5 18. Bb3 g5 19. Kg1 Kh7 20. Re1 Qf6 21.
Be3 e5 22. Nd5 Qg7 23. Qc3 Bb7 24. Bc5 Rg8 25. Nb6 1-0

[Event "Liga Madrileña - DH 2013-2014"]
[Site "Madrid ESP"]
[Date "2014.03.09"]
[Round "13.21"]
[White "Candela Perez, Jose"]
[Black "Aranda Marin, Cristian"]
[Result "1-0"]
[WhiteElo "2447"]
[BlackElo "2303"]
[PlyCount "63"]
[EventDate "2013.11.18"]
[EventType "team-tourn"]
[EventRounds "14"]
[EventCountry "ESP"]
[Source "lmi"]
[SourceDate "2013.11.18"]
[WhiteTeam "La Casa del Ajedrez"]
[BlackTeam "San Fernando de Henares"]
[WhiteTeamCountry "ESP"]
[BlackTeamCountry "ESP"]

1. d4 Nf6 2. c4 g6 3. f3 Bg7 4. e4 d6 5. Nc3 O-O 6. Be3 c6 7. Qd2 e5 8. d5 cxd5
9. cxd5 a6 10. Bd3 b5 11. Nge2 Nbd7 12. b4 Nb6 13. a4 bxa4 14. Nxa4 Nbd7 15.
Nb2 Nh5 16. O-O f5 17. Nc4 f4 18. Bf2 Qe7 19. b5 g5 20. b6 Nc5 21. Bxc5 dxc5
22. d6 Qd8 23. Na5 Bd7 24. Bc4+ Kh8 25. b7 Rb8 26. Qd5 g4 27. Nc6 Bxc6 28. Qxc6
gxf3 29. Rxf3 Rf6 30. Rxa6 Bf8 31. Qd5 Rxd6 32. Qg8# 1-0

[Event "Liga Madrileña - DH 2013-2014"]
[Site "Madrid ESP"]
[Date "2014.03.09"]
[Round "13.23"]
[White "Gallego Jimenez, Victoriano"]
[Black "Ocana Lameiro, Oliver"]
[Result "1-0"]
[WhiteElo "2367"]
[BlackElo "2044"]
[PlyCount "87"]
[EventDate "2013.11.18"]
[EventType "team-tourn"]
[EventRounds "14"]
[EventCountry "ESP"]
[Source "lmi"]
[SourceDate "2013.11.18"]
[WhiteTeam "La Casa del Ajedrez"]
[BlackTeam "San Fernando de Henares"]
[WhiteTeamCountry "ESP"]
[BlackTeamCountry "ESP"]

1. d4 d5 2. c4 e6 3. Nc3 Nf6 4. cxd5 exd5 5. Bg5 Be7 6. e3 O-O 7. Bd3 Nbd7 8.
Nge2 c6 9. Qc2 Re8 10. f3 Nf8 11. O-O Nh5 12. Bxe7 Qxe7 13. e4 dxe4 14. fxe4
Qg5 15. Qc1 h6 16. e5 Qxc1 17. Raxc1 g6 18. Bc4 Be6 19. Ne4 Bxc4 20. Rxc4 Re7
21. g4 Ng7 22. Nf6+ Kh8 23. Rc3 Rd8 24. Ne4 Nge6 25. Nd6 Kg7 26. Rcf3 Ng5 27.
Rf6 Rdd7 28. h4 Nge6 29. h5 Ng5 30. hxg6 Nxg6 31. Nf5+ Kh7 32. Nxe7 Nxe7 33.
Rxf7+ Nxf7 34. Rxf7+ Kg6 35. e6 Rc7 36. Kh2 Nd5 37. Nf4+ Nxf4 38. Rxc7 Nxe6 39.
Rxb7 a5 40. d5 cxd5 41. Rb5 d4 42. Rxa5 Kf6 43. Kg3 Ke7 44. Rd5 1-0

[Event "Liga Madrileña - DH 2013-2014"]
[Site "Madrid ESP"]
[Date "2014.03.09"]
[Round "13.22"]
[White "Fernandez Blazquez, Diego"]
[Black "Rojo Huerta, Gabriel"]
[Result "0-1"]
[WhiteElo "2195"]
[BlackElo "2373"]
[PlyCount "82"]
[EventDate "2013.11.18"]
[EventType "team-tourn"]
[EventRounds "14"]
[EventCountry "ESP"]
[Source "lmi"]
[SourceDate "2013.11.18"]
[WhiteTeam "San Fernando de Henares"]
[BlackTeam "La Casa del Ajedrez"]
[WhiteTeamCountry "ESP"]
[BlackTeamCountry "ESP"]

1. d4 Nf6 2. c4 e6 3. g3 d5 4. Bg2 Be7 5. Nf3 O-O 6. O-O dxc4 7. Qc2 b5 8. a4
b4 9. Qxc4 Ba6 10. Qc2 Nbd7 11. Rd1 Rc8 12. e4 c5 13. d5 exd5 14. exd5 Bd6 15.
Nbd2 c4 16. Nf1 Nc5 17. Nd4 Nd3 18. Nc6 Qd7 19. Ne3 Rfe8 20. h3 Ne4 21. Nxc4
Nexf2 22. Rxd3 Nxd3 23. Qxd3 Rxc6 24. b3 Bc5+ 25. Kh2 Rf6 26. Bf4 h6 27. h4
Rxf4 28. gxf4 Re3 29. Qxe3 Bxe3 30. Nxe3 Qe7 31. Nf5 Qf6 32. Re1 Bd3 33. Ne7+
Kf8 34. Kg3 g5 35. hxg5 hxg5 36. fxg5 Qxg5+ 37. Kf3 Bc2 38. Re3 Bd1+ 39. Kf2
Qf4+ 40. Bf3 Bxf3 41. Rxf3 Qh2+ 0-1

[Event "Liga Madrileña - DH 2013-2014"]
[Site "Madrid ESP"]
[Date "2014.03.09"]
[Round "13.24"]
[White "Fernandez Gil, Ruben Carlos"]
[Black "Bass, Leonid"]
[Result "0-1"]
[WhiteElo "2043"]
[BlackElo "2417"]
[PlyCount "60"]
[EventDate "2013.11.18"]
[EventType "team-tourn"]
[EventRounds "14"]
[EventCountry "ESP"]
[Source "lmi"]
[SourceDate "2013.11.18"]
[WhiteTeam "San Fernando de Henares"]
[BlackTeam "La Casa del Ajedrez"]
[WhiteTeamCountry "ESP"]
[BlackTeamCountry "ESP"]

1. e4 c6 2. d4 d5 3. exd5 cxd5 4. c4 Nf6 5. Nc3 g6 6. cxd5 Nxd5 7. Bc4 Nb6 8.
Bb3 Bg7 9. Nge2 O-O 10. O-O Nc6 11. Be3 Na5 12. Rc1 Nxb3 13. axb3 Bg4 14. f3
Be6 15. Ne4 Nd5 16. Bd2 b6 17. Qc2 Qd7 18. Qd3 a5 19. Rfd1 Rfd8 20. Kh1 Nc7 21.
Bf4 Nb5 22. Rd2 Qd5 23. N2c3 Nxc3 24. bxc3 Qxb3 25. Rb1 Qa3 26. Bc7 Rd7 27.
Bxb6 Bf5 28. Qc4 Rb7 29. Ra2 Rxb6 30. Rd1 Qb3 0-1

[Event "Liga Madrileña - DH 2013-2014"]
[Site "Madrid ESP"]
[Date "2014.03.09"]
[Round "13.25"]
[White "Suarez Uriel, Adrian"]
[Black "De La Orden Alcocer, Alejandro"]
[Result "1-0"]
[WhiteElo "2254"]
[BlackElo "1932"]
[PlyCount "55"]
[EventDate "2013.11.18"]
[EventType "team-tourn"]
[EventRounds "14"]
[EventCountry "ESP"]
[Source "lmi"]
[SourceDate "2013.11.18"]
[WhiteTeam "La Casa del Ajedrez"]
[BlackTeam "San Fernando de Henares"]
[WhiteTeamCountry "ESP"]
[BlackTeamCountry "ESP"]

1. e4 c5 2. Ne2 d6 3. g3 Nf6 4. Bg2 Nc6 5. c3 Bg4 6. h3 Bd7 7. O-O Qc8 8. Kh2
h5 9. f3 g6 10. d4 Qc7 11. Be3 Rd8 12. Na3 h4 13. g4 a6 14. d5 Ne5 15. g5 Nh5
16. f4 Ng4+ 17. hxg4 Bxg4 18. Bf3 Qc8 19. Ng1 Ng3 20. Rf2 Bh5 21. Nc4 Nxe4 22.
Nb6 Nxf2 23. Qa4+ Rd7 24. Nxc8 Bxf3 25. Nxf3 b5 26. Qxa6 Ng4+ 27. Kh3 Nxe3 28.
Nb6 1-0

[Event "Liga Madrileña - DH 2013-2014"]
[Site "Madrid ESP"]
[Date "2014.03.09"]
[Round "13.26"]
[White "Lucas Quintans, Carlos"]
[Black "Madina Yadarola, Martin"]
[Result "0-1"]
[WhiteElo "1860"]
[BlackElo "2276"]
[PlyCount "66"]
[EventDate "2013.11.18"]
[EventType "team-tourn"]
[EventRounds "14"]
[EventCountry "ESP"]
[Source "lmi"]
[SourceDate "2013.11.18"]
[WhiteTeam "San Fernando de Henares"]
[BlackTeam "La Casa del Ajedrez"]
[WhiteTeamCountry "ESP"]
[BlackTeamCountry "ESP"]

1. e4 d6 2. d4 Nf6 3. Nc3 c6 4. Nf3 Bg4 5. Be2 Nbd7 6. Nd2 Bxe2 7. Qxe2 e5 8.
Nb3 Be7 9. O-O b5 10. d5 b4 11. dxc6 bxc3 12. cxd7+ Qxd7 13. bxc3 h6 14. Rd1
O-O 15. Rd3 Rfc8 16. Bb2 Qa4 17. f3 Rab8 18. Bc1 Rc6 19. Be3 Bd8 20. Rad1 Ne8
21. Nc5 Qxa2 22. Nd7 Rb5 23. f4 exf4 24. Bxf4 Rb7 25. e5 Rxd7 26. exd6 Nf6 27.
Be5 Qe6 28. Re3 Bb6 29. Bd4 Qxd6 30. Red3 Bxd4+ 31. cxd4 Re7 32. Qd2 Ne4 33.
Qc1 Nc3 0-1

[Event "Liga Madrileña - DH 2013-2014"]
[Site "Madrid ESP"]
[Date "2014.03.09"]
[Round "13.31"]
[White "Valles Moreno, Ivan"]
[Black "Taboas Rodriguez, Daniel"]
[Result "0-1"]
[WhiteElo "2373"]
[BlackElo "2398"]
[PlyCount "140"]
[EventDate "2013.11.18"]
[EventType "team-tourn"]
[EventRounds "14"]
[EventCountry "ESP"]
[Source "lmi"]
[SourceDate "2013.11.18"]
[WhiteTeam "Liberty Chess"]
[BlackTeam "Blanco y Negro"]
[WhiteTeamCountry "ESP"]
[BlackTeamCountry "ESP"]

1. e4 e6 2. f4 d5 3. e5 c5 4. Nf3 Nc6 5. c3 Nh6 6. Na3 Nf5 7. Nc2 d4 8. Bd3 h5
9. Qe2 Qb6 10. Na3 Be7 11. Nc4 Qd8 12. a4 O-O 13. O-O Na5 14. Nxa5 Qxa5 15. Kh1
Rd8 16. Be4 Rb8 17. d3 dxc3 18. bxc3 b5 19. Bd2 b4 20. Rfc1 g6 21. Be1 Bb7 22.
h3 Qa6 23. c4 Nd4 24. Nxd4 Rxd4 25. Bf2 Rd7 26. Be3 Bxe4 27. dxe4 Qc6 28. Bg1
Rbd8 29. Rc2 Rd3 30. Rf1 Bh4 31. Rf3 Rxf3 32. gxf3 Bg3 33. Qe3 Qxa4 34. Rg2 h4
35. f5 exf5 36. exf5 Qd7 37. e6 fxe6 38. fxe6 Qe7 39. Qe4 Kg7 40. Ra2 Re8 41.
Ra6 Bd6 42. Bh2 Bxh2 43. Kxh2 Rd8 44. Qe5+ Kh7 45. Rc6 Kh6 46. f4 Rd2+ 47. Kg1
Qd8 48. Qe3 Qd4 49. Qxd4 cxd4 50. f5 b3 51. Rc8 gxf5 52. e7 b2 53. Rb8 Re2 54.
Rxb2 Rxe7 55. Rb5 Rc7 56. Rxf5 Rxc4 57. Kf2 Ra4 58. Rd5 Kg6 59. Kf3 Kf6 60. Kg4
Ke6 61. Rd8 Ke5 62. Re8+ Kd5 63. Rd8+ Kc4 64. Kxh4 d3 65. Kg3 Kc3 66. Kf3 Rd4
67. Rc8+ Rc4 68. Rd8 d2 69. Kf2 Rd4 70. Rxd4 Kxd4 0-1

[Event "Liga Madrileña - DH 2013-2014"]
[Site "Madrid ESP"]
[Date "2014.03.09"]
[Round "13.33"]
[White "Perez Gonzalez, Jose Manuel"]
[Black "Bolado Saez, Sergio"]
[Result "1/2-1/2"]
[WhiteElo "2324"]
[BlackElo "2349"]
[PlyCount "104"]
[EventDate "2013.11.18"]
[EventType "team-tourn"]
[EventRounds "14"]
[EventCountry "ESP"]
[Source "lmi"]
[SourceDate "2013.11.18"]
[WhiteTeam "Liberty Chess"]
[BlackTeam "Blanco y Negro"]
[WhiteTeamCountry "ESP"]
[BlackTeamCountry "ESP"]

1. e4 c5 2. Nf3 d6 3. d4 cxd4 4. Nxd4 Nf6 5. Nc3 a6 6. Bc4 e6 7. Bb3 Nbd7 8. f4
Nc5 9. O-O Be7 10. Qf3 Qc7 11. g4 b5 12. g5 Nfd7 13. f5 Ne5 14. Qg2 Bd7 15.
Nce2 Qb7 16. fxe6 fxe6 17. Nf4 Nc4 18. Nh5 O-O-O 19. Bxc4 bxc4 20. Nxg7 Rdg8
21. Rf7 Bf8 22. Nh5 Qxe4 23. Qxe4 Nxe4 24. Ng3 Nxg3 25. hxg3 Rg7 26. Rxg7 Bxg7
27. Be3 e5 28. Nf3 Rf8 29. Rf1 Bf5 30. c3 Kc7 31. Nd2 d5 32. Bc5 Rf7 33. b3 Kc6
34. Bb4 cxb3 35. axb3 e4 36. c4 e3 37. Nf3 d4 38. Nh4 Be6 39. Rxf7 Bxf7 40. Nf5
Be5 41. g4 Kb6 42. Kf1 a5 43. Bd6 Bxd6 44. Nxd6 Be6 45. Nf5 Kc5 46. Ke2 a4 47.
bxa4 Kxc4 48. a5 Kc3 49. Nxe3 dxe3 50. Kxe3 Bc4 51. Kf4 Kb4 52. g6 hxg6 1/2-1/2

[Event "Liga Madrileña - DH 2013-2014"]
[Site "Madrid ESP"]
[Date "2014.03.09"]
[Round "13.34"]
[White "Alarcia Astriz, Carlos"]
[Black "Fernandez Garcia, Miguel Angel"]
[Result "1/2-1/2"]
[WhiteElo "2331"]
[BlackElo "2325"]
[PlyCount "150"]
[EventDate "2013.11.18"]
[EventType "team-tourn"]
[EventRounds "14"]
[EventCountry "ESP"]
[Source "lmi"]
[SourceDate "2013.11.18"]
[WhiteTeam "Blanco y Negro"]
[BlackTeam "Liberty Chess"]
[WhiteTeamCountry "ESP"]
[BlackTeamCountry "ESP"]

1. e4 Nf6 2. e5 Nd5 3. d4 d6 4. Nf3 dxe5 5. Nxe5 c6 6. c3 g6 7. Bd3 Bg7 8. O-O
O-O 9. Qe2 Nd7 10. f4 Qc7 11. Be3 Nxe5 12. fxe5 Bg4 13. Qd2 Nxe3 14. Qxe3 c5
15. Na3 cxd4 16. cxd4 Rad8 17. Nb5 Qb6 18. a4 a5 19. Rac1 Bd7 20. Rc5 f6 21.
Bc4+ Kh8 22. e6 Bc6 23. Qf2 f5 24. d5 Bxb5 25. Bxb5 Qd6 26. Bd7 Be5 27. h3 Ra8
28. Rb5 f4 29. Qd2 b6 30. Kh1 Bg7 31. Bc6 Rab8 32. Rf3 Rf5 33. Qf2 Rbf8 34.
Rxb6 g5 35. Rb7 Re5 36. b3 h5 37. Rd3 Re4 38. Rd7 Qe5 39. Rd1 Bf6 40. d6 Re2
41. dxe7 Bxe7 42. Qf3 g4 43. hxg4 Qxe6 44. gxh5 Re3 45. Qd5 Rh3+ 46. gxh3 Qxh3+
47. Kg1 Rg8+ 48. Qxg8+ Kxg8 49. Rxe7 Qg4+ 50. Kf2 Qxd1 51. Bf3 Qxb3 52. Re4
Qb2+ 53. Be2 Qc1 54. Kf3 Kg7 55. Rxf4 Qh1+ 56. Ke3 Qh3+ 57. Bf3 Qe6+ 58. Re4
Qb3+ 59. Kf2 Qc2+ 60. Ke3 Qc3+ 61. Ke2 Kf6 62. Kf2 Kf5 63. Ke2 Qc2+ 64. Ke3
Qc1+ 65. Ke2 Qc3 66. Kf2 Qd2+ 67. Kf1 Kg5 68. Kg1 Kf5 69. Kf1 Qh2 70. Ke1 Qg1+
71. Ke2 Qc5 72. Kf1 Qc3 73. Ke2 Qb3 74. Kf2 Qd3 75. Kg2 Qd2+ 1/2-1/2

[Event "Liga Madrileña - DH 2013-2014"]
[Site "Madrid ESP"]
[Date "2014.03.09"]
[Round "13.35"]
[White "Gallardo Garcia, Andres"]
[Black "Renteria Becerra, Jorge Elicer"]
[Result "1/2-1/2"]
[WhiteElo "2332"]
[BlackElo "2311"]
[PlyCount "47"]
[EventDate "2013.11.18"]
[EventType "team-tourn"]
[EventRounds "14"]
[EventCountry "ESP"]
[Source "lmi"]
[SourceDate "2013.11.18"]
[WhiteTeam "Liberty Chess"]
[BlackTeam "Blanco y Negro"]
[WhiteTeamCountry "ESP"]
[BlackTeamCountry "ESP"]

1. g3 Nf6 2. Bg2 g6 3. d3 Bg7 4. Nf3 O-O 5. O-O c6 6. e4 d6 7. Nbd2 a5 8. c3 a4
9. d4 Nfd7 10. Qc2 c5 11. Rd1 cxd4 12. cxd4 Nc6 13. Nc4 Nb6 14. d5 Nb4 15. Qe2
Bd7 16. Na3 Rc8 17. Be3 Na6 18. Nd4 Nc5 19. Rac1 Na6 20. Qd2 h5 21. Rxc8 Nxc8
22. Rc1 Nc5 23. Nc4 h4 24. Rc2 1/2-1/2